1039 1963 1481 1688 1484 1189 1590 1154 1518 1168 1117 1850 1743 1306 1318 1593 1403 1099 1901 1322 1310 1852 1794 1908 1578 1807 1386 1947 1503 1816 1575 1180 1965 1863 1067 1249 1697 1276 1107 1801 1261 1379 1264 1777 1579 1589 1001 1133 1048 1831 1181 1492 1181 1368 1954 1975 1778 1863 1680 1809 1232 1413 1166 1200 1542 1329 1111 1601 1591 1582 1139 1760 1911 1959 1261 1850 1165 1728 1810 1545 1959 1075 1696 1362 1646 1832 1501 1702 1212 1002 1428 1968 1115 1926 1623 1278 1345 1651 1029 BCNSPRNW ULIB Ver.6.0+V

เปลี่ยนเป็นภาษาไทย

Change to English
 แสดงรายละเอียดบรรณานุกรม
  กลับหน้าหลัก

Brief Record : Get Marc (ISO 2709) : E-mail record : QR code < ปิดหน้าต่าง
LEADER : 00000nam 2200000uu 4500
001    13399112385
003     ULIB
008    110322s2553||||th 000 0 tha d
020    9786167287089
050  4 P90^bบ573ส 2553
100 0  บุญศรี ปราบณศักดิ์
245 10 สารพันปัญหาและบทเรียนด้านการสื่อสารทางการแพทย์/^cบุญศรี ปราบณศักดิ์
260    กรุงเทพฯ:^bธนาเพรส,^c2553
300    120 หน้า
650  7 การสื่อสารทางการแพทย์
945    ^p90^l0^i028563
945    ^p90^l0^i028564
945    ^p90^l0^i028713
945    ^p90^l0^i028714
995    ทศพร
999 ^a ใช้งานได้ทุกระบบ
รายการนี้ยังไม่มีแท็ก
คุณยังไม่ได้ล็อกอิน คุณสามารถมีกิจกรรมร่วมกับเว็บไซต์ได้ แต่ต้องล็อกอินก่อน ::
  ล็อกอิน

รายการสื่อสารสนเทศ

ลำดับที่ ประเภท เลขเรียก/บาร์โค้ด สถานที่ สถานะ
- ไม่พบข้อมูล -

รายการใกล้เคียง
    ผู้แต่ง [บุญศรี ปราบณศักดิ์]

    หัวเรื่อง [การสื่อสารทางการแพทย์]

BibComment


ยังไม่เคยถูกคอมเมนท์

คอมเมนท์ทรัพยากรรายการนี้
  คอมเมนท์: สารพันปัญหาและบทเ..


 Copyright 2026. Bcnsprnw @Library